Quiz mathématique rapide, juste un petit quiz 1 - Statistiques

Statistiques générales
  • Ce quiz a été pris 184 fois
  • Le résultat moyen est 13 sur 15
Statistiques - réponses
Hint Réponse % Correct
76 - 4 = 72
99%
78 - 23 = 55
97%
4 + 76 = 80
97%
23 + 78 = 101
96%
32 + 99 = 131
93%
117 + 29 = 146
90%
153 - 19 = 134
86%
128 : 4 = 32
85%
115 - 97 = 18
80%
117 - 29 = 88
80%
23 x 11 = 253
77%
76 : 4 = 19
75%
4 x 76 = 304
74%
234 - 119 = 115
69%
146 + 88 = 234
69%
Aucun quiz correspondant
Distribution des résultats
% des personnes avec chaque résultat
Percentile par nombre de réponses
Votre historique - résultats
Vous n’avez pas pris ce quiz